[Event "20th 4NCL Congress"]
[Site "Nottingham"]
[Date "2018.09.29"]
[Round "2"]
[Board "24"]
[White "White, Ian R"]
[Black "Sheikh, Anum"]
[Result "1/2-1/2"]
[WhiteElo "1975"]
[BlackElo "1686"]
[PlyCount "72"]
[EventDate "2018.09.28"]
[EventRounds "5"]
[EventCountry "ENG"]

1. Nf3 f5 2. d3 Nf6 3. e4 d6 4. exf5 Bxf5 5. d4 g6 6. Bd3 Bxd3 7. Qxd3 c6 8.
O-O Na6 9. Qb3 Qc8 10. Nc3 Bg7 11. Ng5 d5 12. Re1 Nc7 13. Bf4 h6 14. Bxc7 hxg5
15. Bd6 Bf8 16. Be5 Kf7 17. Re3 Qd7 18. Rae1 Bg7 19. Na4 b6 20. Qa3 Rae8 21.
Rg3 g4 22. f3 gxf3 23. Qxf3 Qf5 24. Qxf5 gxf5 25. Rf1 e6 26. Nc3 Rh7 27. Ne2
Ne4 28. Rxg7+ Rxg7 29. Bxg7 Kxg7 30. Nf4 c5 31. c3 Kh6 32. g3 Kg5 33. Kg2 Kf6
34. Nd3 Rc8 35. dxc5 bxc5 36. Nf2 Nxf2  1/2-1/2

[Event "20th 4NCL Congress"]
[Site "Nottingham"]
[Date "2018.09.29"]
[Round "2"]
[Board "25"]
[White "London, Nick J"]
[Black "Nandi, Robin J"]
[Result "0-1"]
[WhiteElo "1692"]
[BlackElo "1898"]
[PlyCount "90"]
[EventDate "2018.09.28"]
[EventRounds "5"]
[EventCountry "ENG"]

1. d4 Nf6 2. Nf3 d5 3. c4 e6 4. g3 Be7 5. Bg2 O-O 6. O-O dxc4 7. Qc2 a6 8. Qxc4
b5 9. Qc2 Bb7 10. Bf4 Nc6 11. Nbd2 Rc8 12. Nb3 Nb4 13. Qc1 c5 14. dxc5 Ne4 15.
Rd1 Qe8 16. Be3 Bd5 17. Qb1 Nxc5 18. Nxc5 Bxc5 19. Ng5 f5 20. Bxd5 Nxd5 21.
Bxc5 Rxc5 22. Rc1 Rxc1+ 23. Qxc1 Qd7 24. Qd2 h6 25. Nf3 Rc8 26. Rc1 Rxc1+ 27.
Qxc1 Qc7 28. Qxc7 $11 Nxc7 29. Kf1 Kf7 30. Ke1 Kf6 31. Nd4 e5 32. Nc6 Ke6 33.
Nb4 Kd6 34. Kd2 a5 35. Nc2 Nd5 36. a3 Kc5 37. b3 a4 38. bxa4 bxa4 39. f3 Kc4
40. h3 g5 41. e3 Nc3 42. f4 exf4 43. exf4 Ne4+ 44. Kc1 Nxg3 45. fxg5 hxg5  0-1

[Event "20th 4NCL Congress"]
[Site "Nottingham"]
[Date "2018.09.29"]
[Round "2"]
[Board "26"]
[White "Radford, Mark Sr"]
[Black "Gillespie, Gary D"]
[Result "1/2-1/2"]
[WhiteElo "1666"]
[BlackElo "1870"]
[PlyCount "56"]
[EventDate "2018.09.28"]
[EventRounds "5"]
[EventCountry "ENG"]

1. Nf3 d5 2. c4 e6 3. b3 Nf6 4. g3 Be7 5. Bg2 O-O 6. O-O c5 7. e3 Nc6 8. Bb2 b6
9. Qe2 Bb7 10. Rd1 Qc7 11. d4 Rfd8 12. Nc3 Rac8 13. Rac1 dxc4 14. bxc4 Na5 15.
Nb5 Qb8 16. d5 exd5 17. Be5 Qa8 18. Nc7 Rxc7 19. Bxc7 Rc8 20. cxd5 Bxd5 21. Be5
Rd8 22. Nh4 Bxg2 23. Nxg2 Nc6 24. Ba1 Qc8 25. Rxd8+ Bxd8 26. Rd1 Qf5 27. Nf4
Be7 28. Re1 Qe4  1/2-1/2

[Event "20th 4NCL Congress"]
[Site "Nottingham"]
[Date "2018.09.29"]
[Round "2"]
[Board "27"]
[White "Llewellyn, Alan M"]
[Black "Bryant, Richard Be"]
[Result "0-1"]
[WhiteElo "1470"]
[BlackElo "1856"]
[PlyCount "114"]
[EventDate "2018.09.28"]
[EventRounds "5"]
[EventCountry "ENG"]

1. c4 e5 2. Nc3 Nc6 3. Nf3 Nf6 4. g3 d6 5. e4 Bg4 6. Bg2 Nd4 7. h3 Nxf3+ 8.
Bxf3 Be6 9. Bg2 g6 10. O-O Bg7 11. d3 c6 12. Bg5 Qc7 13. Rc1 O-O 14. Bxf6 Bxf6
15. Nd5 cxd5 16. cxd5 Qe7 17. dxe6 Qxe6 18. Qa4 Bd8 19. Rc2 Bb6 20. Kh2 Kh8 21.
f3 f5 22. Qc4 Qe7 23. f4 Rad8 24. Rcc1 Qg7 25. b4 exf4 26. gxf4 fxe4 27. Qxe4
Rde8 28. Qxb7 Qxb7 29. Bxb7 Re2+ 30. Kg3 Rxa2 31. Rc8 Rxc8 32. Bxc8 Rb2 33. f5
gxf5 34. Rf4 Be3 35. Rf3 f4+ 36. Kg4 Rb3 37. Ba6 Rxb4 38. Kf5 Kg7 39. Ke6 Kg6
40. Bc4 Rb6 41. Bd5 Kg5 42. Rf1 Kh4 43. Ra1 h5 44. Rxa7 Kxh3 45. Ra1 h4 46. Rf1
Kg3 47. Rf3+ Kg4 48. Be4 Rb4 49. Bd5 Rd4 50. Rf1 Rxd3 51. Kxd6 h3 52. Ke5 h2
53. Bf3+ Kg3 54. Ke4 Rd4+ 55. Ke5 Rd2 56. Ke4 Rf2 57. Rxf2 Kxf2  0-1

[Event "20th 4NCL Congress"]
[Site "Nottingham"]
[Date "2018.09.29"]
[Round "2"]
[Board "28"]
[White "Obi, Marc On"]
[Black "Swales, Andrew"]
[Result "0-1"]
[WhiteElo "1812"]
[BlackElo "1592"]
[PlyCount "86"]
[EventDate "2018.09.28"]
[EventRounds "5"]
[EventCountry "ENG"]

1. d4 Nf6 2. c4 e6 3. Nf3 b6 4. g3 Bb7 5. Bg2 Be7 6. O-O O-O 7. Nc3 d6 8. Qc2
c5 9. e4 Nc6 10. e5 Ng4 11. Qe4 cxd4 12. Qxg4 h5 13. Qxh5 dxc3 14. Ng5 Bxg5 15.
Bxg5 Qd7 16. Be4 f5 17. exf6 gxf6 18. Bh6 Rf7 19. Bg6 Re7 20. Qh4 Ne5 21. Qxf6
Nf3+ 22. Kg2 e5 23. Rfd1 Nd2+ 24. f3 Bxf3+ 25. Kf2 Qh3 26. Rxd2 cxd2 27. Qxf3
Qxh6 28. Qxa8+ Kg7 29. Bf5 Rf7 30. g4 Qxh2+ 31. Qg2 Qf4+ 32. Ke2 Qxc4+ 33. Kd1
Rc7 34. Qxd2 Qf1+ 35. Qe1 Qf3+ 36. Kd2 Rc4 37. Qe2 Rd4+ 38. Ke1 Qg3+ 39. Qf2
Qh3 40. Ke2 Rf4 41. Qg1 d5 42. Rf1 Rc4 43. Qg2 Qxg2+  0-1

[Event "20th 4NCL Congress"]
[Site "Nottingham"]
[Date "2018.09.29"]
[Round "2"]
[Board "29"]
[White "Biermann, Florian B"]
[Black "Fisher, Neal"]
[Result "1-0"]
[WhiteElo "1802"]
[BlackElo "1434"]
[PlyCount "107"]
[EventDate "2018.09.28"]
[EventRounds "5"]
[EventCountry "ENG"]

1. e4 e5 2. Nf3 d6 3. d4 exd4 4. Nxd4 Nf6 5. Nc3 c6 6. Be2 Be7 7. O-O O-O 8.
Be3 b5 9. Bf3 Bb7 10. Ndxb5 a6 11. Nd4 g6 12. Qd2 Nbd7 13. Nb3 c5 14. e5 Bxf3
15. exf6 Bxf6 16. gxf3 Ne5 17. Qe2 Qd7 18. Ne4 Be7 19. f4 Ng4 20. f3 Nh6 21.
Rad1 Qc6 22. Na5 Qc7 23. Nc4 Nf5 24. Rd5 Rfd8 25. Rfd1 Kf8 26. Bf2 f6 27. Qd2
Ra7 28. b3 a5 29. Nxc5 dxc5 30. Rxd8+ Bxd8 31. Qxd8+ Qxd8 32. Rxd8+ Ke7 33.
Bxc5+ Kxd8 34. Bxa7 Kc7 35. Nxa5 Nd6 36. Nc4 Nb5 37. Bb6+ Kc6 38. Bd8 f5 39.
Bf6 Nc7 40. a4 Nd5 41. Be5 Nb4 42. c3 Nd5 43. b4 Kb7 44. b5 Ne7 45. a5 Nd5 46.
a6+ Ka7 47. Bd4+ Ka8 48. Nb6+ Nxb6 49. Bxb6 Kb8 50. Bd4 Ka8 51. b6 Kb8 52. b7
Kc7 53. Be5+ Kc6 54. b8=Q  1-0

[Event "20th 4NCL Congress"]
[Site "Nottingham"]
[Date "2018.09.29"]
[Round "3"]
[Board "1"]
[White "Cast, Julian"]
[Black "Pink, Joshua"]
[Result "0-1"]
[WhiteElo "1975"]
[BlackElo "1857"]
[PlyCount "80"]
[EventDate "2018.09.28"]
[EventRounds "5"]
[EventCountry "ENG"]

1. e4 e5 2. Bc4 Nc6 3. Nf3 Nf6 4. d3 Bc5 5. c3 d6 6. a4 a5 7. O-O Bg4 8. Nbd2
h6 9. Re1 O-O 10. Nf1 Ne7 11. Be3 Ng6 12. h3 Bxe3 13. Nxe3 Be6 14. Kh2 Qd7 15.
Nd5 Bxd5 16. Bxd5 Nxd5 17. exd5 Rae8 18. Qd2 b6 19. b4 Ra8 20. b5 Rae8 21. g3
f5 22. Kg2 Qf7 23. c4 Qf6 24. Rad1 f4 25. g4 Nh4+ 26. Nxh4 Qxh4 27. Re4 h5 28.
gxh5 Qxh5 29. Rh1 Rf5 30. Kf1 Ref8 31. Qe2 f3 32. Qe3 Rf4 33. Ke1 Qh4 34. Qxf3
Rxe4+ 35. Qxe4 Qxf2+ 36. Kd1 Rf4 37. Qe2 Qd4 38. Rh2 Qa1+ 39. Kd2 Rf1 40. d4
Qc1+  0-1

[Event "20th 4NCL Congress"]
[Site "Nottingham"]
[Date "2018.09.29"]
[Round "3"]
[Board "2"]
[White "Molano Lafuente, Ismael"]
[Black "Gillespie, David P"]
[Result "1-0"]
[WhiteElo "1968"]
[BlackElo "1850"]
[PlyCount "67"]
[EventDate "2018.09.28"]
[EventRounds "5"]
[EventCountry "ENG"]

1. f4 d5 2. Nf3 c5 3. e3 Nf6 4. b3 Bg4 5. Bb2 e6 6. h3 Bxf3 7. Qxf3 Be7 8. Bb5+
Nbd7 9. O-O O-O 10. Bxd7 Qxd7 11. d3 b5 12. Nd2 Rac8 13. Rad1 d4 14. e4 Qc7 15.
Qe2 Qa5 16. Ra1 Qc7 17. Kh1 Kh8 18. g4 g6 19. Rf3 Kg7 20. Rg1 Rcd8 21. Bc1 e5
22. Nf1 Nd7 23. f5 g5 24. Ng3 f6 25. h4 h6 26. Nh5+ Kg8 27. Rh3 Kf7 28. Qh2 Rh8
29. Ng3 Qb8 30. hxg5 hxg5 31. Rh7+ Rxh7 32. Qxh7+ Ke8 33. Qg6+ Kf8 34. Rg2  1-0

[Event "20th 4NCL Congress"]
[Site "Nottingham"]
[Date "2018.09.29"]
[Round "3"]
[Board "3"]
[White "Bennett, Dominic L"]
[Black "O'gorman, Brendan"]
[Result "1-0"]
[WhiteElo "1933"]
[BlackElo "1706"]
[PlyCount "161"]
[EventDate "2018.09.28"]
[EventRounds "5"]
[EventCountry "ENG"]

1. Nf3 Nf6 2. e3 b6 3. a4 Bb7 4. Be2 e6 5. O-O Be7 6. b3 O-O 7. Ba3 d5 8. Bxe7
Qxe7 9. a5 Na6 10. Qc1 c5 11. Qa3 Nb4 12. Qb2 Ba6 13. Bxa6 Nxa6 14. Nc3 Nc7 15.
axb6 axb6 16. Rxa8 Rxa8 17. Ra1 Qe8 18. d4 Nd7 19. Ra2 Qc8 20. Kf1 Kf8 21. Qa1
Rxa2 22. Qxa2 Qa6+ 23. Qxa6 Nxa6 24. Ke2 Ke7 25. Nb5 h6 26. c3 Nab8 27. Nd2 Nc6
28. f3 e5 29. c4 dxc4 30. d5 Nb4 31. bxc4 f5 32. g3 Nf6 33. Nc3 Kd7 34. Ndb1
Ne8 35. Na3 Nd6 36. Ncb5 g6 37. Nxd6 Kxd6 38. e4 Kd7 39. Kd2 Kc7 40. Nc2 Na6
41. Ke3 Kd7 42. h4 h5 43. Ne1 Nc7 44. Nd3 Kd6 45. Nf2 b5 46. cxb5 Nxb5 47. Nd1
Nd4 48. Nb2 Nc2+ 49. Kd3 Nd4 50. Nc4+ Ke7 51. Nxe5 Kf6 52. Nd7+ Ke7 53. Nxc5
Nxf3 54. Ke3 fxe4 55. Nxe4 Ne5 56. Kd4 Nd7 57. Kc4 Ne5+ 58. Kc5 Nd7+ 59. Kc6
Ne5+ 60. Kc7 Nc4 61. d6+ Nxd6 62. Nxd6 Ke6 63. Kc6 Ke5 64. Kc5 Ke6 65. Ne4 Kf5
66. Kd4 Kg4 67. Ke3 Kf5 68. Kf3 Ke5 69. Nf2 Kf5 70. Nh3 Ke5 71. g4 hxg4+ 72.
Kxg4 Kf6 73. Nf4 Kg7 74. Kg5 Kh7 75. Nxg6 Kg7 76. Ne7 Kh7 77. Nf5 Kh8 78. Kh6
Kg8 79. h5 Kh8 80. Kg6 Kg8 81. Nd6  1-0

[Event "20th 4NCL Congress"]
[Site "Nottingham"]
[Date "2018.09.29"]
[Round "3"]
[Board "4"]
[White "Mcdonnell, James J"]
[Black "Taylor, Robert K"]
[Result "1/2-1/2"]
[WhiteElo "1835"]
[BlackElo "1995"]
[PlyCount "48"]
[EventDate "2018.09.28"]
[EventRounds "5"]
[EventCountry "ENG"]

1. e4 e5 2. Nf3 Nc6 3. Bb5 Bb4 4. c3 Ba5 5. O-O Nge7 6. d4 exd4 7. cxd4 d5 8.
e5 O-O 9. Bg5 h6 10. Bxc6 hxg5 11. Ba4 Ng6 12. Qd3 Nf4 13. Qe3 Ne6 14. h3 Bb6
15. b4 Bd7 16. Nc3 Bxa4 17. Nxa4 Qe7 18. a3 Rfd8 19. Rac1 c6 20. Rfd1 Rd7 21.
Nc5 Bxc5 22. bxc5 Rc7 23. Qb3 Nf4 24. Rc2 Rd7  1/2-1/2

[Event "20th 4NCL Congress"]
[Site "Nottingham"]
[Date "2018.09.29"]
[Round "3"]
[Board "5"]
[White "Gopakumar, Siddharth"]
[Black "Sudar, Dragoljub"]
[Result "1-0"]
[WhiteElo "1833"]
[BlackElo "1922"]
[PlyCount "81"]
[EventDate "2018.09.28"]
[EventRounds "5"]
[EventCountry "ENG"]

1. e4 c5 2. Nf3 Nc6 3. Bb5 Qb6 4. Bxc6 Qxc6 5. Nc3 d6 6. h3 g6 7. O-O Bg7 8.
Re1 e5 9. a3 Nf6 10. b4 b6 11. Qe2 O-O 12. Bb2 Nh5 13. Nd5 Re8 14. d3 Be6 15.
Ne3 Nf4 16. Qd2 Rad8 17. Ng5 Bd7 18. c3 h6 19. Nf3 f5 20. exf5 gxf5 21. d4
Nxh3+ 22. Kh2 f4 23. d5 fxe3 24. Rxe3 Qc8 25. gxh3 e4 26. Rg1 Kh7 27. c4 Be5+
28. Nxe5 dxe5 29. Rxe4 Bf5 30. Rh4 Rd6 31. Bc1 Ree6 32. dxe6 Rxd2 33. Bxd2 Qxe6
34. Rxh6+ Qxh6 35. Bxh6 Kxh6 36. f3 Bd3 37. bxc5 bxc5 38. Re1 e4 39. fxe4 Bxc4
40. Rc1 Be6 41. Rxc5  1-0

[Event "20th 4NCL Congress"]
[Site "Nottingham"]
[Date "2018.09.29"]
[Round "3"]
[Board "6"]
[White "Bagley, Andy J"]
[Black "Ireland, David J"]
[Result "1/2-1/2"]
[WhiteElo "1829"]
[BlackElo "1892"]
[PlyCount "51"]
[EventDate "2018.09.28"]
[EventRounds "5"]
[EventCountry "ENG"]

1. d4 Nf6 2. c4 c5 3. d5 b5 4. cxb5 a6 5. f3 axb5 6. e4 Qa5+ 7. b4 cxb4 8. Nd2
e6 9. Nb3 Qb6 10. Bb2 Qe3+ 11. Ne2 Be7 12. Bd4 Qh6 13. Ng3 Ba6 14. Bd3 O-O 15.
O-O d6 16. dxe6 fxe6 17. Qe2 Nbd7 18. Be3 Qh4 19. Bxb5 Bxb5 20. Qxb5 Rfb8 21.
Qe2 d5 22. Qd2 h6 23. exd5 Nxd5 24. Nf5 Qf6 25. Nxe7+ Qxe7 26. Bd4  1/2-1/2

[Event "20th 4NCL Congress"]
[Site "Nottingham"]
[Date "2018.09.29"]
[Round "3"]
[Board "7"]
[White "Ansari, Athar"]
[Black "Wilson, Matthew R"]
[Result "1-0"]
[WhiteElo "1888"]
[BlackElo "1820"]
[PlyCount "91"]
[EventDate "2018.09.28"]
[EventRounds "5"]
[EventCountry "ENG"]

1. d4 Nf6 2. Bf4 d5 3. e3 e6 4. Nf3 c5 5. c3 Nc6 6. Be2 Be7 7. O-O O-O 8. Nbd2
Nh5 9. Bg3 cxd4 10. Nxd4 Nxg3 11. hxg3 e5 12. Nxc6 bxc6 13. Qa4 Bd7 14. Rfd1
Qc7 15. c4 c5 16. Qc2 d4 17. exd4 cxd4 18. Bf3 Rab8 19. Re1 f5 20. Bd5+ Kh8 21.
Nb3 a5 22. Rac1 a4 23. Nd2 a3 24. b3 Bb4 25. Qd3 Bc3 26. f3 Rb6 27. Re2 Re8 28.
Nb1 Bb2 29. Rcc2 Rg6 30. Rxb2 axb2 31. Bf7 Qa5 32. Bxe8 Bxe8 33. Qxd4 Qxa2 34.
Qxe5 h6 35. Qxe8+ Kh7 36. Re1 Qxb3 37. Qb5 Qc2 38. Qe5 Qxc4 39. Qxf5 Qd4+ 40.
Kh2 Qd6 41. Qe5 Qb6 42. Re2 Rg5 43. Qe4+ Kh8 44. g4 Qc7+ 45. g3 Rc5 46. Rxb2
 1-0

[Event "20th 4NCL Congress"]
[Site "Nottingham"]
[Date "2018.09.29"]
[Round "3"]
[Board "8"]
[White "Hughes, Peter"]
[Black "John, Adam"]
[Result "1-0"]
[WhiteElo "1874"]
[BlackElo "1585"]
[PlyCount "65"]
[EventDate "2018.09.28"]
[EventRounds "5"]
[EventCountry "ENG"]

1. d4 Nf6 2. c4 g6 3. Nc3 d5 4. f3 Bf5 5. cxd5 c6 6. e4 Bd7 7. dxc6 bxc6 8. Be3
Bg7 9. Bc4 O-O 10. Nge2 Bc8 11. O-O Bb7 12. Qd2 Nbd7 13. Rad1 e5 14. Bb3 exd4
15. Bxd4 c5 16. Be3 Qe7 17. Nf4 Nb6 18. Qf2 Rac8 19. Bd5 Ba8 20. Bxa8 Nxa8 21.
Nfd5 Nxd5 22. Rxd5 Rfd8 23. Rfd1 Rxd5 24. Rxd5 Bf8 25. Rd1 Nb6 26. Nd5 Nxd5 27.
Rxd5 Qc7 28. Qd2 Qb6 29. Rd7 a6 30. Qd5 Qf6 31. Bg5 Qg7 32. e5 h6 33. Bf6  1-0

[Event "20th 4NCL Congress"]
[Site "Nottingham"]
[Date "2018.09.29"]
[Round "3"]
[Board "9"]
[White "Somton, Anita"]
[Black "Ruane, Brendan J"]
[Result "1-0"]
[WhiteElo "1787"]
[BlackElo "1871"]
[PlyCount "65"]
[EventDate "2018.09.28"]
[EventRounds "5"]
[EventCountry "ENG"]

1. e4 e5 2. Bc4 Nf6 3. d3 Bc5 4. Nf3 d6 5. O-O O-O 6. h3 a6 7. c3 b5 8. Bb3 Ba7
9. Nbd2 Nbd7 10. d4 Bb7 11. Re1 c5 12. d5 c4 13. Bc2 Qb6 14. Qe2 Nh5 15. Nf1
Nf4 16. Bxf4 exf4 17. Nd4 Ne5 18. Nh2 Rae8 19. Qd2 Ng6 20. Nhf3 Qd8 21. a4 Bxd4
22. cxd4 Nh4 23. Qxf4 Nxf3+ 24. Qxf3 f5 25. exf5 Qa5 26. Rxe8 Rxe8 27. f6 Re1+
28. Rxe1 Qxe1+ 29. Kh2 g6 30. Qf4 Bxd5 31. Qxd6 Bf7 32. Qxa6 Be8 33. Qb7  1-0

[Event "20th 4NCL Congress"]
[Site "Nottingham"]
[Date "2018.09.29"]
[Round "3"]
[Board "10"]
[White "Lohia, Sohum"]
[Black "Bowers, Francis J"]
[Result "0-1"]
[WhiteElo "1316"]
[BlackElo "1864"]
[PlyCount "66"]
[EventDate "2018.09.28"]
[EventRounds "5"]
[EventCountry "ENG"]

1. e4 e5 2. Nf3 d6 3. d4 exd4 4. Nxd4 g6 5. Nc3 Bg7 6. Be3 Nf6 7. Qd2 O-O 8.
O-O-O Re8 9. f3 Nc6 10. g4 h6 11. h4 Ne5 12. Qg2 b5 13. h5 c5 14. Nb3 c4 15.
Nd4 b4 16. Nb1 Qa5 17. hxg6 fxg6 18. Bxh6 Bxg4 19. fxg4 Nexg4 20. Bd2 $11 Rxe4
21. Bxc4+ d5 22. Nb3 Qxa2 23. Bxb4 dxc4 24. Nc3 cxb3 25. Nxe4 Nxe4 26. Qxe4 $11
Qxb2+ 27. Kd2 Qxc2+ 28. Qxc2 bxc2 29. Rdg1 Rc8 30. Ba3 Ne5 31. Kc1 Rc3 32. Kb2
Nc4+ 33. Ka2 Rxa3#  0-1

[Event "20th 4NCL Congress"]
[Site "Nottingham"]
[Date "2018.09.29"]
[Round "3"]
[Board "11"]
[White "Vann, Richard P"]
[Black "Jacob, Sydney J"]
[Result "1/2-1/2"]
[WhiteElo "1915"]
[BlackElo "1838"]
[PlyCount "80"]
[EventDate "2018.09.28"]
[EventRounds "5"]
[EventCountry "ENG"]

1. b3 e5 2. Bb2 Nc6 3. e3 Nf6 4. Bb5 d6 5. Nf3 Bd7 6. d3 g6 7. Nbd2 Bg7 8. c4
O-O 9. O-O Re8 10. a3 a6 11. Bxc6 Bxc6 12. b4 e4 13. dxe4 Nxe4 14. Bxg7 Kxg7
15. Nd4 Bd7 16. Nxe4 Rxe4 17. Qf3 Qe7 18. Rac1 c5 19. Nb3 Ba4 20. Nd2 Re6 21.
e4 Re8 22. Qc3+ Qf6 23. Qxf6+ Kxf6 24. f3 Ke7 25. Rfe1 Kd7 26. Kf2 Bc6 27. Nf1
f5 28. exf5 Rxe1 29. Rxe1 Rxe1 30. Kxe1 gxf5 31. Kd2 Ke6 32. Ke3 Kf6 33. Kf4
Bd7 34. g4 fxg4 35. fxg4 b6 36. g5+ Kg6 37. Ne3 Be6 38. h4 Kh5 39. bxc5 bxc5
40. Kg3 Kg6  1/2-1/2

[Event "20th 4NCL Congress"]
[Site "Nottingham"]
[Date "2018.09.29"]
[Round "3"]
[Board "12"]
[White "Robinson, John K"]
[Black "Biermann, Florian B"]
[Result "0-1"]
[WhiteElo "1990"]
[BlackElo "1802"]
[PlyCount "62"]
[EventDate "2018.09.28"]
[EventRounds "5"]
[EventCountry "ENG"]

1. d4 Nf6 2. c4 c5 3. d5 e5 4. Nc3 d6 5. e4 Nbd7 6. a4 Be7 7. a5 Nf8 8. Be2 Ng6
9. g3 h5 10. h4 Bd7 11. Nf3 Ng4 12. Ng5 O-O 13. f3 Nh6 14. Be3 f5 15. Ne6 Bxe6
16. dxe6 f4 17. Bf2 fxg3 18. Bxg3 Bxh4 19. Bxh4 Nxh4 20. Rg1 Nxf3+ 21. Bxf3
Qh4+ 22. Kd2 Qf4+ 23. Kc2 Qxf3 24. Qxf3 Rxf3 25. Nd5 Re8 26. Rg6 Kh7 27. Rg5 g6
28. e7 Ng4 29. Rh1 Nf6 30. Rhg1 Nxd5 31. cxd5 Rf6  0-1

[Event "20th 4NCL Congress"]
[Site "Nottingham"]
[Date "2018.09.29"]
[Round "3"]
[Board "13"]
[White "Goldrick, Thomas G"]
[Black "Gibbs, Dominic V"]
[Result "1-0"]
[WhiteElo "1805"]
[BlackElo "1983"]
[PlyCount "53"]
[EventDate "2018.09.28"]
[EventRounds "5"]
[EventCountry "ENG"]

1. e4 g6 2. d4 Bg7 3. Nc3 c6 4. Be3 d6 5. Qd2 b5 6. a4 b4 7. Na2 a5 8. c3 bxc3
9. Nxc3 Ba6 10. Be2 Nd7 11. Nf3 Ngf6 12. h3 O-O 13. O-O Bxe2 14. Qxe2 Qc7 15.
Rac1 Qb7 16. Rc2 Rfc8 17. Rfc1 Qb4 18. e5 dxe5 19. dxe5 Ne4 20. Nd5 Qxa4 21.
Nxe7+ Kh8 22. Nxc8 Rxc8 23. Qa6 Rb8 24. Rc4 Rb4 25. Rxb4 Qxb4 26. Qxc6 Nf8 27.
Rc4  1-0

[Event "20th 4NCL Congress"]
[Site "Nottingham"]
[Date "2018.09.29"]
[Round "3"]
[Board "14"]
[White "Di-Vetta, Andrew"]
[Black "Whitehead, Mark A"]
[Result "1/2-1/2"]
[WhiteElo "1681"]
[BlackElo "1945"]
[PlyCount "82"]
[EventDate "2018.09.28"]
[EventRounds "5"]
[EventCountry "ENG"]

1. e4 c5 2. Nf3 e6 3. c4 Nc6 4. Nc3 a6 5. d3 d6 6. g3 g6 7. Bg2 Bg7 8. O-O Nge7
9. Nh4 O-O 10. f4 Nd4 11. Nf3 Nec6 12. Ne2 b5 13. Nexd4 Nxd4 14. e5 Rb8 15. Re1
Qc7 16. Nxd4 cxd4 17. exd6 Qxd6 18. b3 Bb7 19. Qe2 Rfd8 20. Bxb7 Rxb7 21. Qe4
Qd7 22. Ba3 b4 23. Bb2 Qc8 24. Re2 Rb8 25. Rae1 Qc5 26. Bc1 a5 27. Qg2 h5 28.
h3 Rbc8 29. g4 Kf8 30. Qe4 hxg4 31. hxg4 Qc6 32. g5 Qxe4 33. Rxe4 Ke7 34. Kg2
Kd6 35. Rh1 Rh8 36. Ree1 Rxh1 37. Rxh1 Rh8 38. Rxh8 Bxh8 39. Kf3 Kc5 40. a3 Bg7
41. Ke4 Bh8  1/2-1/2

[Event "20th 4NCL Congress"]
[Site "Nottingham"]
[Date "2018.09.29"]
[Round "3"]
[Board "15"]
[White "Reed, John"]
[Black "Graham, Neil"]
[Result "1/2-1/2"]
[WhiteElo "1902"]
[BlackElo "1779"]
[PlyCount "68"]
[EventDate "2018.09.28"]
[EventRounds "5"]
[EventCountry "ENG"]

1. d4 Nf6 2. c4 e5 3. dxe5 Ng4 4. Bf4 g5 5. Bg3 Bg7 6. Nf3 Nc6 7. e3 Ngxe5 8.
Nxe5 Bxe5 9. Bxe5 Nxe5 10. Be2 d6 11. Nc3 Be6 12. O-O Qd7 13. Rc1 O-O-O 14. Nb5
a6 15. Nd4 Bg4 16. f3 Bh5 17. b4 c5 18. Nc2 Qa4 $11 19. Qd2 Bg6 20. f4 gxf4 21.
exf4 Bxc2 22. fxe5 Bg6 23. exd6 cxb4 24. c5 b3 25. Rf4 Qxa2 26. Qxa2 bxa2 27.
Ra4 Bb1 28. Bc4 Rhf8 29. Bxa2 Bxa2 30. Rxa2 Kd7 31. Rb2 Rb8 32. Rb6 Rfc8 33.
Kf2 Rc6 34. Rxc6 Kxc6  1/2-1/2

[Event "20th 4NCL Congress"]
[Site "Nottingham"]
[Date "2018.09.29"]
[Round "3"]
[Board "16"]
[White "Nandi, Robin J"]
[Black "Dunkley, Michael"]
[Result "1/2-1/2"]
[WhiteElo "1898"]
[BlackElo "1734"]
[PlyCount "72"]
[EventDate "2018.09.28"]
[EventRounds "5"]
[EventCountry "ENG"]

1. d4 d5 2. c4 c6 3. Nf3 Nf6 4. Nc3 dxc4 5. e4 b5 6. e5 Nd5 7. a4 e6 8. Ne4 Qb6
9. Be2 Bb7 10. O-O Nd7 11. Bd2 h6 12. b3 cxb3 13. Qxb3 a6 14. Rfc1 Be7 15. Ra2
O-O 16. Rac2 Rfc8 17. a5 Qd8 18. Ne1 b4 19. Qa4 c5 20. dxc5 Bc6 21. Qa1 Rcb8
22. Nd3 Qc7 23. f4 Nxf4 24. Bxf4 Bxe4 25. c6 Bxd3 26. Bxd3 b3 27. Rd2 Nc5 28.
Be2 b2 29. Rxb2 Nb3 30. Qb1 Nxc1 31. Rxb8+ Rxb8 32. Qxc1 Qxa5 33. h3 Bc5+ 34.
Kh2 Rc8 35. Bf3 Qb6 36. Qd2 Rxc6  1/2-1/2

[Event "20th 4NCL Congress"]
[Site "Nottingham"]
[Date "2018.09.29"]
[Round "3"]
[Board "17"]
[White "Jamroz, Viktor"]
[Black "Bitlloch, Jordi"]
[Result "1-0"]
[WhiteElo "1863"]
[BlackElo "1765"]
[PlyCount "85"]
[EventDate "2018.09.28"]
[EventRounds "5"]
[EventCountry "ENG"]

1. e4 Nf6 2. e5 Nd5 3. c4 Nb6 4. d4 d6 5. exd6 exd6 6. Bd3 Nc6 7. Nf3 Bg4 8.
Be3 Be7 9. a3 Bf6 10. O-O Nxd4 11. Bxd4 Bxd4 12. Qe1+ Be5 13. Nxe5 dxe5 14.
Qxe5+ Kf8 15. Re1 Qd7 16. Nc3 h5 17. c5 Qxd3 18. cxb6 cxb6 19. Qe7+ Kg8 20.
Qxb7 Kh7 21. Qxf7 Rhf8 22. Qb7 Rad8 23. Qxa7 Rxf2 24. Qxb6 Rxg2+ 25. Kxg2 Bh3+
26. Kg1 Rd4 27. Ne4 Rxe4 28. Rxe4 Qxe4 29. Kf2 Qf4+ 30. Ke1 Qf1+ 31. Kd2 Qxa1
32. Qd4 Qb1 33. a4 Bg4 34. Kc3 Qe1+ 35. Kc4 Qa5 36. Kb3 Be6+ 37. Ka3 Qd5 38.
Qc3 Qd6+ 39. b4 Qxh2 40. b5 h4 41. Qd3+ Kh8 42. b6 Qd6+ 43. Qxd6  1-0

[Event "20th 4NCL Congress"]
[Site "Nottingham"]
[Date "2018.09.29"]
[Round "3"]
[Board "18"]
[White "Bryant, Richard Be"]
[Black "Davies, Sam"]
[Result "1-0"]
[WhiteElo "1856"]
[BlackElo "1698"]
[PlyCount "123"]
[EventDate "2018.09.28"]
[EventRounds "5"]
[EventCountry "ENG"]

1. e4 e5 2. f4 d6 3. Nf3 Nf6 4. Nc3 Be7 5. d3 exf4 6. Bxf4 O-O 7. Be2 Nc6 8.
O-O a6 9. h3 d5 10. e5 Ne8 11. a3 g6 12. Qd2 Ng7 13. d4 Ne6 14. Be3 Re8 15. Nd1
Bf8 16. Nf2 Ne7 17. Ng4 Bg7 18. Bh6 Nf5 19. Bxg7 Kxg7 20. Nf6 Rf8 21. Kh2 b6
22. c3 Nd6 23. Ng4 Ne4 24. Qh6+ Kg8 25. Nd2 f5 26. Nxe4 dxe4 27. Nf6+ Rxf6 28.
exf6 Qxf6 29. Qe3 Bb7 30. Bc4 Kh8 31. Kg1 Qe7 32. d5 Ng7 33. b4 Rf8 34. Rad1
Qe5 35. Qd4 Qg3 36. Rde1 Re8 37. Re3 Qg5 38. Bb3 Rd8 $11 39. c4 b5 40. Ree1 Qg3
41. Qc5 bxc4 42. Bxc4 Re8 43. Rxe4 Rg8 44. Re7 Ba8 45. Rf3 Qg5 46. Qxc7 f4 47.
Rxf4 Bxd5 48. Bxd5 Qxd5 49. Rff7 Qd1+ 50. Kh2 Qd4 51. Rxg7 Rxg7 52. Rxg7 Qxg7
53. Qxg7+ Kxg7 54. a4 Kf6 55. Kg3 Ke5 56. b5 axb5 57. axb5 Kd5 58. Kf4 Kc5 59.
Kg5 Kxb5 60. Kh6 Kc4 61. Kxh7 g5 62. Kh6  1-0

[Event "20th 4NCL Congress"]
[Site "Nottingham"]
[Date "2018.09.29"]
[Round "3"]
[Board "19"]
[White "Goodwin, Ed H"]
[Black "Arlachova, Alexandra"]
[Result "1-0"]
[WhiteElo "1847"]
[BlackElo "1397"]
[PlyCount "104"]
[EventDate "2018.09.28"]
[EventRounds "5"]
[EventCountry "ENG"]

1. d4 d5 2. c4 c6 3. Nf3 Nf6 4. Nc3 Bf5 5. cxd5 cxd5 6. Bf4 Nc6 7. e3 a6 8. Ne5
Nb4 9. Qa4+ Nc6 10. Nxc6 bxc6 11. Qxc6+ Bd7 12. Qc7 Qxc7 13. Bxc7 e6 14. Bd3
Bb4 15. a3 Bxc3+ 16. bxc3 O-O 17. O-O Rfc8 18. Ba5 Bb5 19. Bxb5 axb5 20. Bb4
Ne4 21. Rfc1 Nd2 22. Rc2 Nc4 23. g3 f6 24. Bc5 Na5 25. Rb2 Rab8 26. Rab1 Nc6
27. Rxb5 Rxb5 28. Rxb5 Kf7 29. Rb7+ Kg6 30. Kg2 h5 31. h4 f5 32. Rb6 Kf6 33.
Bd6 g6 34. a4 Na5 35. Bb4 Nc4 36. Rb7 Re8 37. a5 g5 38. hxg5+ Kxg5 39. a6 Ra8
40. a7 Kf6 41. Bc5 Na5 42. Rb8 Rxa7 43. Bxa7 Nc6 44. Ra8 Nxa7 45. Rxa7 Kg5 46.
Kf3 h4 47. gxh4+ Kxh4 48. Kf4 Kh5 49. Re7 Kg6 50. Rxe6+ Kf7 51. Re5 Kf6 52.
Rxf5+ Ke6  1-0